Statistics for Iron Maiden song/album quiz

Click here to take the quiz!

General Stats

  • This quiz has been taken 250 times
  • The average score is 11 of 15

Answer Stats

HintAnswer% Correct
Flash of the BladePowerslave
93%
GanglandThe Number Of The Beast
88%
Still LifePiece Of Mind
84%
Sea of MadnessSomewhere In Time
83%
Prodigal SonKillers
79%
Strange WorldIron Maiden
77%
Chains of MiseryFear Of The Dark
76%
The Fallen AngelBrave New World
71%
Death or GloryThe Book Of Souls
71%
Age of InnocenceDance Of Death
68%
Fates WarningNo Prayer For The Dying
68%
StarblindThe Final Frontier
67%
2 A.M.The X Factor
66%
The Educated FoolVirtual XI
66%
Lord of LightA Matter Of Life And Death
64%

Score Distribution

Percentile by Number Answered

Percent of People with Each Score

Your Score History

You have not taken this quiz